[Event "Masters"]
[Site "Hastings ENG"]
[Date "2009.01.03"]
[Round "7"]
[White "Berg, E."]
[Black "Neverov, V."]
[Result "1/2-1/2"]
[WhiteElo "2623"]
[BlackElo "2571"]
[PlyCount "75"]
[EventDate "2008.12.28"]
[SourceDate "1999.07.01"]

1. e4 c5 2. Nf3 e6 3. d4 cxd4 4. Nxd4 a6 5. Bd3 Bc5 6. Nb3 Ba7 7. Nc3 Nc6 8.
Qg4 Nf6 9. Qg3 d6 10. O-O b5 11. Kh1 b4 12. Ne2 Bb7 13. Bg5 h6 14. Qh4 Ne5 15.
Bxf6 Qxf6 16. Qxf6 gxf6 17. a3 bxa3 18. Rxa3 Bb6 19. Nc3 Ke7 20. Na4 Bc7 21.
Nd4 Rhb8 22. f3 Nc6 23. Nxc6+ Bxc6 24. b3 a5 25. Rfa1 d5 26. exd5 Bxd5 27. Nc3
Bc6 28. Be4 Ra6 29. R1a2 f5 30. Bxc6 Rxc6 31. Ne2 Rd8 32. g3 Rd2 33. c3 Rcd6
34. Kg2 Bb6 35. b4 axb4 36. cxb4 Rxa2 37. Rxa2 e5 38. Ra6 1/2-1/2

[Event "ch-AZE"]
[Site "Baku AZE"]
[Date "2009.01.21"]
[Round "9"]
[White "Safarli, E."]
[Black "Ibrahimov, R."]
[Result "1-0"]
[WhiteElo "2564"]
[BlackElo "2568"]
[PlyCount "51"]
[EventDate "2009.01.13"]
[SourceDate "1999.07.01"]

1. e4 c5 2. Nf3 e6 3. c3 Nf6 4. e5 Nd5 5. Bc4 d6 6. exd6 Nb6 7. Bb3 Bxd6 8. O-O
O-O 9. d4 cxd4 10. cxd4 N8d7 11. Nc3 Nf6 12. Bg5 Bd7 13. Ne5 Bc6 14. f4 Be7 15.
f5 Bd5 16. Bc2 exf5 17. Rxf5 Be6 18. Rf4 g6 19. Bh6 Nh5 20. Rf3 Ng7 21. Qd2 Nd5
22. Re1 Rc8 23. Bb3 Nxc3 24. bxc3 Bxb3 25. axb3 f5 26. b4 1-0

[Event "Open A"]
[Site "Moscow RUS"]
[Date "2009.02.03"]
[Round "4"]
[White "Areshchenko, A."]
[Black "Popov, Iv RUS"]
[Result "1/2-1/2"]
[WhiteElo "2673"]
[BlackElo "2541"]
[PlyCount "140"]
[EventDate "2009.01.31"]
[SourceDate "1999.07.01"]

1. e4 c5 2. Nf3 e6 3. c3 Nf6 4. e5 Nd5 5. Bc4 Nb6 6. Bb3 Nc6 7. O-O d6 8. exd6
c4 9. Bc2 e5 10. d4 cxd3 11. Qxd3 Qxd6 12. Qe2 Bg4 13. Nbd2 Be7 14. h3 Bh5 15.
Re1 f6 16. Ne4 Qc7 17. Ng3 Bf7 18. Nf5 Bf8 19. a4 O-O-O 20. Ne3 g6 21. a5 Nd5
22. a6 b6 23. Nxd5 Bxd5 24. Be4 Be7 25. b4 Kb8 26. Bxd5 Rxd5 27. c4 Nd4 28.
Nxd4 Rxd4 29. c5 Rc8 30. Be3 Rxb4 31. cxb6 axb6 32. Rec1 Bc5 33. Qf3 Ka7 34.
Qxf6 Rb2 35. Kh1 Rb5 36. Rd1 Bxe3 37. fxe3 Ra5 38. Rab1 Rc5 39. Qe6 Rc6 40. Qd5
Rc5 41. Qf3 Qc6 42. e4 Rc7 43. Kh2 Rc3 44. Qf2 Rc2 45. Qh4 Qc5 46. Qg5 Qf2 47.
Rf1 Qd2 48. Qxd2 Rxd2 49. Rf6 Rcc2 50. Rbxb6 Rxg2+ 51. Kh1 Rh2+ 52. Kg1 Rcg2+
53. Kf1 Rf2+ 54. Kg1 Rfg2+ 55. Kf1 Rf2+ 56. Kg1 Rxf6 57. Rxf6 Rxh3 58. Re6 Rh4
59. Rxe5 Kxa6 60. Kg2 Kb6 61. Kg3 Rh1 62. Rd5 Kc6 63. Rd8 Kc7 64. Rd2 Rf1 65.
Kg4 Rf7 66. Kg5 Re7 67. Rd4 Rf7 68. e5 Rf5+ 69. Kh6 Rh5+ 70. Kg7 Rxe5 1/2-1/2

[Event "Open A"]
[Site "Moscow RUS"]
[Date "2009.02.08"]
[Round "9"]
[White "Kabanov, N."]
[Black "Areshchenko, A."]
[Result "1/2-1/2"]
[WhiteElo "2502"]
[BlackElo "2673"]
[PlyCount "120"]
[EventDate "2009.01.31"]
[SourceDate "1999.07.01"]

1. e4 c5 2. Nf3 e6 3. c4 Nc6 4. Nc3 Nf6 5. Be2 Qb6 6. O-O Be7 7. d3 d6 8. a3
O-O 9. Rb1 Qc7 10. b4 b6 11. Bf4 Nh5 12. Be3 Bb7 13. d4 cxd4 14. Nxd4 Nf6 15.
Rc1 Nxd4 16. Qxd4 Rac8 17. Rfd1 Rfd8 18. f3 Qb8 19. Nb5 Bc6 20. Qb2 Be8 21. Bd4
Nh5 22. Bf1 Bg5 23. Rc2 a6 24. Nc3 Qb7 25. g3 b5 26. cxb5 axb5 27. Bd3 Bh6 28.
Kg2 Nf6 29. h4 e5 30. Bf2 g6 31. g4 Bg7 32. Rcc1 d5 33. Qe2 dxe4 34. Nxe4 Nd5
35. Bg3 f5 36. Nc5 Qf7 37. gxf5 gxf5 38. Bxe5 Rc6 39. Kf2 Qe7 40. Rg1 Qxh4+ 41.
Kf1 Rg6 42. Rxg6 Bxg6 43. Ne6 Bh6 44. Qh2 Qxh2 45. Bxh2 Ra8 46. Ra1 Nxb4 47.
Bxb5 Nc2 48. Ra2 Ne3+ 49. Ke2 Bf7 50. Nc7 Ra7 51. Rd2 f4 52. Rd8+ Kg7 53. Rd7
Rxa3 54. Bxf4 Bxf4 55. Ne6+ Kf6 56. Nxf4 Nf5 57. Bd3 Ra2+ 58. Ke1 Ra1+ 59. Kf2
Ra2+ 60. Ke1 Ra1+ 1/2-1/2

[Event "25th Open"]
[Site "Cappelle la Grande FRA"]
[Date "2009.03.06"]
[Round "8"]
[White "Jaracz, P."]
[Black "Gharamian, T."]
[Result "1-0"]
[WhiteElo "2518"]
[BlackElo "2581"]
[PlyCount "89"]
[EventDate "2009.02.28"]
[SourceDate "1999.07.01"]

1. e4 c5 2. Nf3 e6 3. d4 cxd4 4. Nxd4 a6 5. Bd3 Bc5 6. Nb3 Be7 7. Be3 Nc6 8.
N1d2 Nf6 9. f4 O-O 10. Qf3 Nb4 11. g4 d6 12. O-O-O Nxa2+ 13. Kb1 Nb4 14. Be2 a5
15. c3 a4 16. Nd4 Nc6 17. Nb5 Qa5 18. g5 Ne8 19. Qf2 Bd8 20. Na3 d5 21. Bc5 Rb8
22. exd5 exd5 23. Bd3 b5 24. Bxf8 Kxf8 25. Qc5+ Ne7 26. Rhe1 b4 27. cxb4 Qxb4
28. Qxb4 Rxb4 29. Rc1 Be6 30. Nb5 Rxf4 31. Rf1 Rb4 32. Nf3 Bb6 33. h4 Ng6 34.
Rc6 Nf4 35. Ne5 Be3 36. Rf3 d4 37. Rxe6 fxe6 38. Nc6 Rb3 39. Bc4 Rxb5 40. Bxb5
Nd6 41. Nxd4 e5 42. Rxe3 exd4 43. Rf3 Nxb5 44. Rxf4+ Ke7 45. Rf5 1-0

[Event "25th Open"]
[Site "Cappelle la Grande FRA"]
[Date "2009.03.07"]
[Round "9"]
[White "Degraeve, JM."]
[Black "Jaracz, P."]
[Result "0-1"]
[WhiteElo "2553"]
[BlackElo "2518"]
[PlyCount "74"]
[EventDate "2009.02.28"]
[SourceDate "1999.07.01"]

1. e4 c5 2. Nf3 e6 3. c3 Nf6 4. e5 Nd5 5. Bc4 d6 6. d4 cxd4 7. cxd4 Nb6 8. Bd3
Nc6 9. O-O Nb4 10. Nc3 Nxd3 11. Qxd3 Be7 12. Rd1 O-O 13. Qe4 f5 14. exf6 gxf6
15. Bh6 Rf7 16. Rac1 a6 17. b3 Rb8 18. a4 Bd7 19. a5 Na8 20. Ne2 Nc7 21. Nf4
Kh8 22. Qe3 Rc8 23. Rc2 e5 24. dxe5 fxe5 25. Nh5 Ne6 26. Nxe5 dxe5 27. Qxe5+
Bf6 28. Qe4 Rxc2 29. Qxc2 Bd4 30. Be3 Bxe3 31. fxe3 Qxa5 32. Qb2+ Ng7 33. Nxg7
Rxg7 34. Qf6 h5 35. h4 Kh7 36. e4 Qc5+ 37. Kh2 Qc2 0-1

[Event "65th ch-RUS HL"]
[Site "?"]
[Date "2012.??.??"]
[Round "1"]
[White "Zvjaginsev, V."]
[Black "Stukopin, A."]
[Result "1/2-1/2"]
[WhiteElo "2680"]
[BlackElo "2500"]
[PlyCount "81"]
[EventDate "2012.??.??"]
[SourceDate "1999.07.01"]

1. e4 c5 2. Nf3 e6 3. c3 Nf6 4. e5 Nd5 5. g3 Nc6 6. Bg2 Be7 7. O-O O-O 8. Re1
d6 9. exd6 Qxd6 10. d4 cxd4 11. Nxd4 Rd8 12. Nxc6 Qxc6 13. Qe2 Qc7 14. Nd2 Bd7
15. Nf3 Bf6 16. h4 Bc6 17. Ng5 h6 18. Ne4 Be7 19. c4 Nb4 20. a3 Nd3 21. Rd1
Nxc1 22. Raxc1 Rxd1+ 23. Rxd1 Rd8 24. b4 Rxd1+ 25. Qxd1 a5 26. c5 axb4 27. axb4
b6 28. Qd4 Bxe4 29. Qxe4 bxc5 30. Qa8+ Qd8 31. Qxd8+ Bxd8 32. bxc5 g5 33. hxg5
hxg5 34. Kf1 f5 35. Bb7 g4 36. Ke2 Be7 37. c6 Bd6 38. Ba6 Kf7 39. Bc4 f4 40.
gxf4 Bxf4 41. Bb3 1/2-1/2

[Event "65th ch-RUS HL"]
[Site "?"]
[Date "2012.??.??"]
[Round "5"]
[White "Zvjaginsev, V."]
[Black "Potkin, V."]
[Result "1/2-1/2"]
[WhiteElo "2680"]
[BlackElo "2640"]
[PlyCount "85"]
[EventDate "2012.??.??"]
[SourceDate "1999.07.01"]

1. e4 c5 2. Nf3 e6 3. c3 Nf6 4. e5 Nd5 5. Bc4 Nc6 6. O-O d6 7. d4 cxd4 8. cxd4
Be7 9. Bd2 O-O 10. Nc3 Nxc3 11. Bxc3 dxe5 12. dxe5 b6 13. Qc2 Bb7 14. Bd3 g6
15. Be4 Rc8 16. a3 Qc7 17. h4 Na5 18. h5 Bxe4 19. Qxe4 Qc4 20. Nd2 Qxe4 21.
Nxe4 Nb3 22. Rad1 Nc5 23. Nxc5 Bxc5 24. Rd7 a5 25. hxg6 fxg6 26. g3 Rcd8 27.
Rxd8 Rxd8 28. Kg2 Rd3 29. a4 Kf7 30. Rh1 h5 31. Rh4 Ke7 32. g4 Bd4 33. gxh5
Bxc3 34. bxc3 gxh5 35. Rxh5 Rxc3 36. Rh7+ Kd8 37. Rb7 Rb3 38. f4 Ke8 39. Kf2
Kd8 40. Ke2 Ke8 41. Kf2 Kd8 42. Ke2 Ke8 43. Kf2 1/2-1/2

[Event "65th ch-RUS HL"]
[Site "?"]
[Date "2012.??.??"]
[Round "5"]
[White "Bocharov, D."]
[Black "Grachev, B."]
[Result "1/2-1/2"]
[WhiteElo "2600"]
[BlackElo "2680"]
[PlyCount "90"]
[EventDate "2012.??.??"]
[SourceDate "1999.07.01"]

1. e4 c5 2. Nf3 e6 3. b3 d6 4. Bb2 Nf6 5. e5 dxe5 6. Nxe5 Nbd7 7. f4 Nxe5 8.
fxe5 Nd5 9. Qg4 h5 10. Qf3 Bd7 11. Bd3 Qh4+ 12. g3 Qg4 13. Qxg4 hxg4 14. O-O
Bc6 15. Be2 Rd8 16. Na3 Nb4 17. Rad1 Be4 18. Bxg4 Nxc2 19. Rf4 Bd3 20. Bf3 Nd4
21. Bxd4 cxd4 22. Nc4 g5 23. Rg4 Rg8 24. h4 Be7 25. hxg5 Bf5 26. Rh4 b5 27.
Nd6+ Bxd6 28. exd6 Rxd6 29. Rc1 Kd7 30. Rc5 a6 31. g4 Bg6 32. Rh2 Re8 33. Re2
Rc8 34. Ree5 Rxc5 35. Rxc5 Rb6 36. b4 Kd6 37. Kf2 a5 38. a3 axb4 39. axb4 e5
40. Bd5 Rb8 41. Kg3 Rb6 42. Bb3 Ra6 43. Rd5+ Kc6 44. Rc5+ Kd6 45. Rd5+ Kc6
1/2-1/2

[Event "16th Voronezh Master Open"]
[Site "?"]
[Date "2012.??.??"]
[Round "7"]
[White "Geller, J."]
[Black "Zubov, A UKR."]
[Result "1-0"]
[WhiteElo "2535"]
[BlackElo "2615"]
[PlyCount "95"]
[EventDate "2012.??.??"]
[SourceDate "1999.07.01"]

1. e4 c5 2. Nf3 e6 3. d4 cxd4 4. Nxd4 a6 5. Bd3 Bc5 6. Nb3 Be7 7. Qg4 g6 8. Qe2
d6 9. O-O Nd7 10. Nc3 Qc7 11. Bd2 b6 12. Rae1 Bb7 13. f4 Ngf6 14. e5 Nh5 15. f5
dxe5 16. fxe6 fxe6 17. Bh6 Nhf6 18. Ne4 Rg8 19. Kh1 Qc6 20. Nbd2 Nd5 21. Ng5
Nc5 22. Ndf3 Nf4 23. Qxe5 Qd6 24. Qxd6 Bxd6 25. Nxh7 O-O-O 26. Bg5 Rh8 27. Bxd8
Rxh7 28. Bxb6 Ncxd3 29. cxd3 g5 30. Kg1 Nxg2 31. Rxe6 Kd7 32. Nxg5 Bxh2+ 33.
Kf2 Rg7 34. Rh6 Be5 35. Rh7 Rxh7 36. Nxh7 Bxb2 37. d4 Nf4 38. Nf6+ Ke6 39. Ke3
Nd5+ 40. Nxd5 Bxd5 41. Bc5 Bc3 42. Kd3 Ba5 43. Rg1 Kf6 44. a3 Bc7 45. Re1 Kf5
46. Re7 Bg3 47. Ra7 Bg2 48. Kd2 1-0

[Event "16th Voronezh Master Open"]
[Site "?"]
[Date "2012.??.??"]
[Round "9"]
[White "Geller, J."]
[Black "Tarlev, K."]
[Result "1-0"]
[WhiteElo "2535"]
[BlackElo "2525"]
[PlyCount "118"]
[EventDate "2012.??.??"]
[SourceDate "1999.07.01"]

1. e4 c5 2. Nf3 e6 3. d4 cxd4 4. Nxd4 a6 5. Bd3 d6 6. O-O g6 7. c4 Bg7 8. Nf3
Ne7 9. Nc3 O-O 10. Be2 Nbc6 11. Bg5 h6 12. Be3 f5 13. c5 f4 14. Bxf4 Rxf4 15.
cxd6 b5 16. dxe7 Qxe7 17. Qc1 g5 18. Nxb5 axb5 19. Qxc6 Bb7 20. Qxb5 Rxe4 21.
Rad1 Rb4 22. Rd7 Qf8 23. Qd3 Rxb2 24. Nd4 Qf6 25. Bg4 Ba6 26. Bxe6+ Kh8 27. Bc4
Bxc4 28. Qxc4 Rbxa2 29. Nf3 R2a4 30. Qd3 g4 31. Nd2 Rd4 32. Rxd4 Qxd4 33. Qc2
Re8 34. Rb1 Qd7 35. Nf1 Bd4 36. Qd2 Qg7 37. Qc2 Qd7 38. Qd2 Qg7 39. Rd1 Rd8 40.
Re1 Bb6 41. Qc2 Rf8 42. Re2 Qf6 43. Qd2 h5 44. Ng3 h4 45. Ne4 Qg7 46. Kf1 Rd8
47. Qc1 Ra8 48. Re1 Rf8 49. Re2 Ra8 50. Re1 Rf8 51. g3 h3 52. Qc6 Bd4 53. Qd5
Qe5 54. Qd7 Qg7 55. Qd6 Be5 56. Qe6 Bd4 57. Rd1 Ba7 58. Qd5 Be3 59. Rb1 Bh6 1-0

[Event "Hotel El Aguila GM"]
[Site "?"]
[Date "2012.??.??"]
[Round "2"]
[White "Cuartas, Ja"]
[Black "Khamrakulov, I."]
[Result "1/2-1/2"]
[WhiteElo "2520"]
[BlackElo "2515"]
[PlyCount "239"]
[EventDate "2012.??.??"]
[SourceDate "1999.07.01"]

1. e4 c5 2. Nf3 e6 3. d4 cxd4 4. Nxd4 Qc7 5. Nc3 Nc6 6. f4 a6 7. Nxc6 Qxc6 8.
Bd3 b5 9. Qe2 Nf6 10. e5 b4 11. Ne4 Nd5 12. Bd2 a5 13. O-O g6 14. c4 bxc3 15.
bxc3 Be7 16. c4 Nb4 17. Bb1 Ba6 18. Rc1 O-O 19. a3 Nd5 20. Bd3 Nc7 21. Bxa5 Bb7
22. Bb4 Bxb4 23. axb4 Qb6+ 24. Qf2 Qxb4 25. Rab1 Qa3 26. Rc3 Qa7 27. Nf6+ Kg7
28. Nxd7 Rfd8 29. Qxa7 Rxa7 30. Nf6 Ba8 31. Rb2 Ra1+ 32. Kf2 Na6 33. c5 Rc8 34.
Bxa6 Rxa6 35. Ke3 Ra4 36. g3 Ra5 37. g4 h6 38. h4 g5 39. hxg5 hxg5 40. fxg5 Kg6
41. Kf4 Ra4+ 42. Kg3 Kxg5 43. Rh2 Ra1 44. Rh5+ Kg6 45. Kh4 Rh1+ 46. Rh3 Rxh3+
47. Kxh3 Rxc5 48. Rh8 Rxe5 49. Nd7 Re3+ 50. Kh4 f5 51. gxf5+ Kxf5 52. Rxa8 e5
53. Ra6 Rc3 54. Rf6+ Ke4 55. Re6 Rc7 56. Rxe5+ Kd4 57. Re1 Kd3 58. Ne5+ Kd2 59.
Re4 Rg7 60. Ng4 Kd3 61. Ra4 Kc3 62. Kg3 Rf7 63. Ne5 Rf8 64. Ng6 Rg8 65. Ra6 Kc4
66. Kf4 Re8 67. Ne5+ Kd4 68. Rd6+ Kc5 69. Rd1 Rh8 70. Nd7+ Kb4 71. Rc1 Rh4+ 72.
Ke5 Kb3 73. Nf6 Rc4 74. Rh1 Kc2 75. Kd5 Rc8 76. Kd4 Rd8+ 77. Nd5 Kd2 78. Rh2+
Ke1 79. Ke4 Re8+ 80. Kf3 Rf8+ 81. Nf4 Kd1 82. Ra2 Re8 83. Nd5 Kc1 84. Ne3 Kb1
85. Rd2 Re7 86. Ke2 Re8 87. Rd5 Kb2 88. Kd3 Kb3 89. Rb5+ Ka4 90. Rb6 Rh8 91.
Nf5 Ka5 92. Rb1 Rc8 93. Kd4 Rh8 94. Ne7 Rh4+ 95. Kc5 Ka4 96. Nc6 Ka3 97. Nd4
Ka2 98. Rb6 Rh8 99. Kc4 Rh3 100. Ne2 Rh4+ 101. Kc3 Rh3+ 102. Kc2 Ka3 103. Nf4
Rg3 104. Ne2 Rh3 105. Nd4 Ka4 106. Nc6 Rh2+ 107. Kc3 Rh3+ 108. Kc4 Ka3 109. Nb4
Rh4+ 110. Kc3 Ka4 111. Nd3 Ka5 112. Rb8 Rg4 113. Ne5 Rh4 114. Nc4+ Ka6 115. Kb4
Rh5 116. Re8 Kb7 117. Ne5 Rh1 118. Kc5 Rc1+ 119. Nc4 Kc7 120. Re7+ 1/2-1/2

[Event "HSG Open A"]
[Site "?"]
[Date "2012.??.??"]
[Round "5"]
[White "Guliyev, N."]
[Black "Miezis, N."]
[Result "1/2-1/2"]
[WhiteElo "2520"]
[BlackElo "2575"]
[PlyCount "65"]
[EventDate "2012.??.??"]
[SourceDate "1999.07.01"]

1. e4 c5 2. Nf3 e6 3. d4 cxd4 4. Nxd4 a6 5. Bd3 Nc6 6. Nxc6 dxc6 7. O-O e5 8.
Nd2 Nf6 9. Nc4 Qc7 10. Be3 Be6 11. Bb6 Qb8 12. a4 Be7 13. f3 O-O 14. Bf2 Qc7
15. a5 Bxc4 16. Bxc4 Bb4 17. Bb6 Qe7 18. Qe2 Bc5+ 19. Bxc5 Qxc5+ 20. Kh1 Rad8
21. c3 Rd7 22. b4 Qe7 23. Rfd1 Rfd8 24. Bb3 g6 25. Rxd7 Rxd7 26. Rd1 Kg7 27.
Rxd7 Qxd7 28. Qe3 Qd6 29. g3 h5 30. h4 Nd7 31. Bc4 Nf8 32. Kg2 Ne6 33. Kf2
1/2-1/2

[Event "73rd Noteboom Mem"]
[Site "Leiden NED"]
[Date "2013.02.10"]
[Round "6.4"]
[White "Andriasian, Z."]
[Black "Smeets, J."]
[Result "0-1"]
[WhiteElo "2608"]
[BlackElo "2631"]
[PlyCount "82"]
[EventDate "2013.02.08"]
[SourceDate "1999.07.01"]

1. e4 c5 2. Nf3 e6 3. d4 cxd4 4. Nxd4 a6 5. Bd3 Bc5 6. Nb3 Be7 7. Qg4 g6 8. Qe2
d6 9. a4 Nc6 10. a5 Ne5 11. Be3 Bd7 12. Bb6 Qb8 13. N1d2 Nf6 14. O-O O-O 15. f4
Nxd3 16. cxd3 e5 17. Rae1 Be6 18. Kh1 Qe8 19. fxe5 dxe5 20. Nc5 Bg4 21. Qe3 Nd7
22. Nc4 f6 23. Nxb7 Qc8 24. Nbd6 Qc6 25. Qg3 Be6 26. Nf5 Bb4 27. Rc1 Rac8 28.
h4 Kh8 29. Nfe3 Qb7 30. Rf3 f5 31. exf5 gxf5 32. Qh3 Nxb6 33. axb6 e4 34. Rf4
exd3 35. Rd1 Rcd8 36. h5 Bc5 37. Nxf5 Qd5 38. Nfe3 Rxf4 39. Nxd5 Rxc4 40. Qg3
Rxd5 41. Qb8+ Kg7 0-1

[Event "Dvorkovich Mem 2013"]
[Site "Taganrog RUS"]
[Date "2013.01.21"]
[Round "7.5"]
[White "Kokarev, Dm"]
[Black "Papin, V."]
[Result "1-0"]
[WhiteElo "2627"]
[BlackElo "2568"]
[PlyCount "65"]
[EventDate "2013.01.15"]
[SourceDate "1999.07.01"]

1. e4 c5 2. Nf3 e6 3. d4 cxd4 4. Nxd4 a6 5. Bd3 Ne7 6. Qf3 Nec6 7. Nxc6 Nxc6 8.
Qg3 h5 9. h4 Nb4 10. Nc3 Nxd3+ 11. cxd3 b5 12. O-O Bb7 13. Be3 d6 14. Rac1 Be7
15. Qxg7 Bf6 16. Qg3 Bxh4 17. Qh3 Bf6 18. Rc2 d5 19. exd5 Bxc3 20. Rxc3 Qxd5
21. Rc5 Qd6 22. Rfc1 Rg8 23. Bg5 Kd7 24. Qxh5 Rg7 25. Rc7+ Qxc7 26. Rxc7+ Kxc7
27. Bf4+ Kd7 28. Qc5 Rxg2+ 29. Kf1 e5 30. Bxe5 Rc8 31. Qd6+ Ke8 32. Bf6 Rg1+
33. Kxg1 1-0

[Event "36th Zurich Christmas Open"]
[Site "Zuerich SUI"]
[Date "2012.12.29"]
[Round "5.7"]
[White "Istratescu, A."]
[Black "Pavlovic, Milos"]
[Result "1-0"]
[WhiteElo "2654"]
[BlackElo "2513"]
[PlyCount "83"]
[EventDate "2012.12.26"]
[SourceDate "1999.07.01"]

1. e4 c5 2. Nf3 e6 3. c3 Nf6 4. e5 Nd5 5. d4 cxd4 6. cxd4 d6 7. Bc4 Be7 8. O-O
O-O 9. Qe2 Nc6 10. Nc3 dxe5 11. dxe5 Nxc3 12. bxc3 Qa5 13. Bd2 Bd7 14. Rfe1
Rfd8 15. Rab1 Rab8 16. Bb3 Be8 17. Qe4 Qa6 18. Bc2 g6 19. h4 Rd5 20. c4 Rc5 21.
Bb3 Rd8 22. Be3 Ra5 23. h5 Nb4 24. Bg5 Bxg5 25. Nxg5 Nd3 26. Rbd1 Rxe5 27. Qxe5
Nxe5 28. Rxd8 Kf8 29. Rxe5 gxh5 30. c5 Qa5 31. Rd3 Bc6 32. Nf3 h4 33. Nd4 Be8
34. Rf3 Kg7 35. Nf5+ Kf8 36. Nd6 Ke7 37. Nxe8 Kxe8 38. Re4 Qxc5 39. Rxh4 b5 40.
Rxh7 Qc1+ 41. Kh2 a5 42. Rfxf7 1-0

[Event "Pan-Am Intercollegiate 2012"]
[Site "Princeton USA"]
[Date "2012.12.30"]
[Round "6"]
[White "Huschenbeth, N."]
[Black "Moradiabadi, E."]
[Result "1-0"]
[WhiteElo "2527"]
[BlackElo "2575"]
[PlyCount "87"]
[EventDate "2012.12.27"]
[SourceDate "1999.07.01"]
[WhiteTeam "UMBC"]
[BlackTeam "Texas Tech A"]

1. e4 c5 2. Nf3 e6 3. d4 cxd4 4. Nxd4 a6 5. Bd3 Bc5 6. Nb3 Be7 7. Qg4 g6 8. Qe2
d6 9. O-O Nc6 10. Nc3 Ne5 11. f4 Nxd3 12. cxd3 Nf6 13. e5 Nh5 14. Ne4 d5 15.
Ned2 Bd7 16. Nf3 Rc8 17. Be3 O-O 18. g4 Ng7 19. Nbd4 f5 20. exf6 Bxf6 21. Ne5
Ne8 22. Ndf3 Nd6 23. Rf2 Qe7 24. Bd4 Nb5 25. Qe3 Nxd4 26. Nxd4 Rc7 27. g5 Bg7
28. Re1 Bc8 29. Kg2 Qb4 30. a3 Qd6 31. Kg3 b5 32. h4 b4 33. a4 Bd7 34. a5 Be8
35. Nb3 Ba4 36. Qb6 Bxe5 37. fxe5 Qxb6 38. axb6 Rxf2 39. bxc7 Rc2 40. Rc1 Rxc1
41. Nxc1 Bd7 42. Nb3 Kf8 43. Nc5 Bc8 44. Na4 1-0

[Event "Norberto La Porta Open A"]
[Site "Buenos Aires ARG"]
[Date "2012.12.20"]
[Round "5"]
[White "Ricardi, P."]
[Black "Mareco, S."]
[Result "1/2-1/2"]
[WhiteElo "2507"]
[BlackElo "2568"]
[PlyCount "32"]
[EventDate "2012.12.15"]
[SourceDate "1999.07.01"]

1. e4 c5 2. Nf3 e6 3. d4 cxd4 4. Nxd4 Nf6 5. Nc3 Nc6 6. Be2 d6 7. O-O Be7 8.
Be3 O-O 9. f4 a6 10. Kh1 Qc7 11. Nxc6 bxc6 12. Qe1 d5 13. e5 Nd7 14. Bf2 Re8
15. Bh4 Nf8 16. Bxe7 Qxe7 1/2-1/2

[Event "World Cities Team GpA"]
[Site "Al-Ain UAE"]
[Date "2012.12.22"]
[Round "1.7"]
[White "Carlsson, P."]
[Black "Williams, Si1"]
[Result "1-0"]
[WhiteElo "2518"]
[BlackElo "2515"]
[PlyCount "107"]
[EventDate "2012.12.22"]
[SourceDate "1999.07.01"]
[WhiteTeam "Lund-Linkoping"]
[BlackTeam "London"]

1. e4 c5 2. Nf3 e6 3. c3 d5 4. exd5 exd5 5. d4 Nc6 6. Bb5 Bd6 7. dxc5 Bxc5 8.
O-O Nge7 9. Nbd2 O-O 10. Nb3 Bb6 11. Re1 Nf5 12. Bd3 Bc7 13. Bxf5 Bxf5 14. Nfd4
Bg6 15. Nxc6 bxc6 16. Qd4 Qd6 17. Qh4 Rfe8 18. Bd2 h6 19. Nd4 a6 20. b4 c5 21.
Nb3 cxb4 22. cxb4 Re4 23. Rxe4 dxe4 24. Rc1 Rd8 25. g3 Qd7 26. Bf4 Bb6 27. Nc5
Qd5 28. a3 Re8 29. Be3 Bd8 30. Qh3 f5 31. Qf1 Bf7 32. Nxa6 g5 33. Rd1 Qc6 34.
b5 Qg6 35. Qg2 Bc4 36. a4 Be2 37. Rd2 Bc4 38. Nc5 Qg7 39. h3 Qc3 40. Kh2 Bc7
41. Nd7 Bd3 42. Rxd3 Qxd3 43. Nf6+ Kf7 44. Nxe8 Kxe8 45. Qg1 Qd6 46. Qb1 Kd8
47. b6 Bb8 48. a5 f4 49. Qxe4 fxe3 50. Qxe3 Qc6 51. a6 Bd6 52. a7 Kd7 53. Qd4
Ke6 54. Qa1 1-0

[Event "SportAccord Blitz Women 2012"]
[Site "Beijing CHN"]
[Date "2012.12.16"]
[Round "5.3"]
[White "Lahno, Kateri"]
[Black "Koneru, H."]
[Result "1/2-1/2"]
[WhiteElo "2553"]
[BlackElo "2610"]
[PlyCount "104"]
[EventDate "2012.12.16"]
[SourceDate "1999.07.01"]

1. e4 c5 2. Nf3 e6 3. d4 cxd4 4. Nxd4 a6 5. Bd3 Bc5 6. Nb3 Be7 7. O-O d6 8. Qg4
g6 9. Qe2 Nc6 10. c4 b6 11. Nc3 Bb7 12. Rd1 Qc7 13. Kh1 Ne5 14. Be3 Nf6 15. Bh6
Bf8 16. Bxf8 Kxf8 17. f4 Ned7 18. f5 Kg7 19. fxe6 fxe6 20. Nd4 Rae8 21. Rf1
Rhf8 22. b3 b5 23. Rac1 b4 24. Na4 Bc6 25. Nxc6 Qxc6 26. Rcd1 Ne5 27. Bc2 Nfd7
28. Qd2 Rxf1+ 29. Rxf1 a5 30. h3 Rf8 31. Rxf8 Nxf8 32. Qd4 Nfd7 33. Qa7 h5 34.
Qxa5 Qb7 35. Qd8 Kf7 36. Qh8 Nf6 37. Qd8 Nfd7 38. Qa5 Nf6 39. Qd8 Nxe4 40. Bxe4
Qxe4 41. Qxd6 Qf4 42. Qc7+ Kf6 43. Qd8+ Kg7 44. Qe7+ Kh6 45. Qxe6 Qf1+ 46. Kh2
Qf4+ 47. Kg1 Qe3+ 48. Kh1 Qc1+ 49. Kh2 Qf4+ 50. Kh1 Qf1+ 51. Kh2 Qf4+ 52. Kh1
Qf1+ 1/2-1/2

[Event "5th Kolkata Open"]
[Site "Kolkata IND"]
[Date "2012.12.12"]
[Round "10.5"]
[White "Dzhumaev, M."]
[Black "David, Alb"]
[Result "1-0"]
[WhiteElo "2530"]
[BlackElo "2607"]
[PlyCount "53"]
[EventDate "2012.12.03"]
[SourceDate "1999.07.01"]

1. e4 c5 2. Nf3 e6 3. c3 d5 4. exd5 Qxd5 5. d4 Nf6 6. c4 Qd8 7. Nc3 cxd4 8.
Qxd4 Nbd7 9. Bg5 h6 10. Bh4 Bc5 11. Qd2 b6 12. O-O-O Bb7 13. Bd3 Rc8 14. Kb1
Bb4 15. Qc2 Bxc3 16. Qxc3 O-O 17. Rhe1 Qc7 18. Bg3 Qc5 19. Bd6 Qh5 20. Bxf8
Kxf8 21. Qa3+ Kg8 22. Qxa7 Bxf3 23. gxf3 Qxh2 24. Re2 Qh5 25. Bc2 Qxf3 26. Red2
Nf8 27. Qxb6 1-0

[Event "Doroshkevicha Mem Open 2012"]
[Site "Sochi RUS"]
[Date "2012.12.03"]
[Round "8"]
[White "Panarin, M."]
[Black "Poluljahov, A."]
[Result "1/2-1/2"]
[WhiteElo "2563"]
[BlackElo "2511"]
[PlyCount "57"]
[EventDate "2012.11.26"]
[SourceDate "1999.07.01"]

1. e4 c5 2. Nf3 e6 3. d4 cxd4 4. Nxd4 a6 5. c4 Nf6 6. Nc3 Qc7 7. a3 b6 8. Be3
Bb7 9. f3 Be7 10. Rc1 O-O 11. Qd2 d6 12. Be2 Nbd7 13. O-O Rac8 14. b4 Qb8 15.
Rfd1 Rfe8 16. Kh1 Bd8 17. Nb3 Bc7 18. Bf4 d5 19. Bxc7 Rxc7 20. exd5 exd5 21.
cxd5 Nxd5 22. Nxd5 Bxd5 23. Qxd5 Rxe2 24. Qd6 Rxc1 25. Qxb8+ Nxb8 26. Nxc1 Re8
27. Kg1 Kf8 28. Kf2 Nc6 29. Ne2 1/2-1/2

[Event "ch-IRI 2012"]
[Site "Zahedan IRI"]
[Date "2012.12.10"]
[Round "5.1"]
[White "Darini, P."]
[Black "Ghaem Maghami, E."]
[Result "1-0"]
[WhiteElo "2522"]
[BlackElo "2572"]
[PlyCount "45"]
[EventDate "2012.12.07"]
[SourceDate "1999.07.01"]

1. e4 c5 2. Nf3 e6 3. d4 cxd4 4. Nxd4 a6 5. Be2 Nf6 6. Nc3 Qc7 7. O-O Nc6 8.
Be3 Bb4 9. Na4 Be7 10. c4 Nxe4 11. c5 Nf6 12. Nb6 Rb8 13. Rc1 O-O 14. Bf3 Rd8
15. g3 Bxc5 16. Nxc8 d6 17. Bxc6 Rbxc8 18. Bg2 Qe7 19. Re1 Bb4 20. Bd2 Rxc1 21.
Qxc1 d5 22. Nf5 Qf8 23. Nh6+ 1-0

[Event "3rd Thanksgiving Open"]
[Site "Saint Louis USA"]
[Date "2012.11.25"]
[Round "5"]
[White "Corrales Jimenez, F."]
[Black "Bykhovsky, An ISR"]
[Result "1-0"]
[WhiteElo "2611"]
[BlackElo "2513"]
[PlyCount "81"]
[EventDate "2012.11.23"]
[SourceDate "1999.07.01"]

1. e4 c5 2. Nf3 e6 3. d4 cxd4 4. Nxd4 a6 5. Bd3 Bc5 6. Nb3 Ba7 7. Qe2 Nc6 8.
Be3 d6 9. f4 Nf6 10. N1d2 O-O 11. O-O-O a5 12. Bxa7 Rxa7 13. a4 Nb4 14. Bb5 Bd7
15. c3 Qc7 16. Bxd7 Nxd7 17. Kb1 Nc6 18. Nc4 d5 19. exd5 exd5 20. Rxd5 Nf6 21.
Rf5 Raa8 22. g3 Rfe8 23. Qf3 b6 24. Nbd2 Re6 25. Re5 Nxe5 26. fxe5 Rd8 27. exf6
Rxf6 28. Qh5 Qc6 29. Qd1 Qg2 30. Rg1 Qh3 31. Re1 h6 32. Re2 Qf5+ 33. Ka2 b5 34.
Re5 Qf2 35. axb5 Qxh2 36. Qe1 Kh7 37. b6 Qh3 38. Re8 Qd7 39. Qe4+ g6 40. Rxd8
Qxd8 41. Qd4 1-0